000 00513nam a2200193Ia 4500
003 GCL
008 140319s9999 xx 000 0 eng d
040 _aGCL /
_cGCL
082 0 4 _a891.7
_bP T
100 1 _aPUSHKIN, ALEXANDER
245 1 0 _aTHE TALES OFIVAN BELKIN /
_cPUSHKIN, ALEXANDER
260 _a[S.N] :
_bFOREIGN LANGUAGES PUBLISHING HOUSE ،
_c1954
300 _a108 P
650 0 4 _aLITERATURE
650 0 4 _aFICTION
650 0 4 _aRUSSIAN LITERATURE
650 0 4 _aRUSSIA - FICTION
942 _2ddc
_cBK
999 _c18968
_d18968